| 000 | 01180cam a22002535a 4500 | ||
|---|---|---|---|
| 001 | L138511 | ||
| 008 | 070615s2005 xxk f 001 0 eng d | ||
| 020 | _a072773394X | ||
| 035 | _a(Sirsi) u138511 | ||
| 041 | 0 | _aeng | |
| 050 | 0 | 4 | _a692.8 $2 18 |
| 100 | 1 | _aMitchell, Bronwyn | |
| 245 | 0 | 0 |
_aManaging reality _bbook 3 _bmanaging the contract |
| 260 |
_aLondon _bThomas Telford Ltd _c2005 |
||
| 300 |
_axix, 93p. _c30cm. |
||
| 350 | _a25 | ||
| 490 | 0 |
_aManaging Reality _v3 |
|
| 505 | 2 | _aPayment procedures in the ECC -- Control of time -- Control of quality -- Disputes and dispute resolution | |
| 520 | _aThird of a five part volume on managing the ECC contract is intended for those who use the contract on a daily basis. Covers payment procedures including application for payment, when assessments take place, issue of payment certificates, invoicing and when payment takes place. Then discusses aspects relating to the contractor's programme and also the control of quality. Concludes by discussing disputes and dispute resolution. | ||
| 651 | 4 |
_aUnited Kingdom _y |
|
| 690 | _aBUILT ENVIRONMENT-BUILDING CONTRACT FORMS | ||
| 700 | 1 | _aTrebes, Barry | |
| 942 | _n0 | ||
| 999 |
_c107186 _d107186 |
||